00609nam a2200217Ia 4500001000700000003000500007005001700012008004100029010001100070020001800081040000900099082001900108100003400127245008200161260003200243300001100275503000800286504003100294650003600325650003000361dia_51CHAP20221206135532.0220117s1987 xx 000 0 und d a170484 a968-18-1991-8 cCHAP a519.3 M37 1987 aMárquez Diez-Canedo, Javier aFundamentos de teoría de optimización /c Javier Marquéz Díez-Canedo aMéxico :b Limusa,c1987 a203 p. aC/e aBibliografía: p. 197-199 aOptimizaciónxMatemáticas  aOptimizationxMathematics